000 00309 a2200145 4500
001 178563
020 _a
040 _cMagnum
100 _aSchall,virginia
240 1 0 _aO sonho de carlos
_lpor
245 1 0 _aO sonho de carlos
362 0 _a1899
697 _aMAGNITO: IJ/AVENTURA, CRIANCAS
942 _cBK
999 _c178563
_d178563